000 00225 a2200097 4500
001 29351
100 _aKatzan
245 _aIntroduction to Computer and Data Processing
260 _a
_bVan Norstron
_c
090 _c19576
_d19576
942 _aNUST-CAE
_cM
_c10642
999 _c264424
_d264424